<?xml version="1.0" encoding="UTF-8"?>
<record
    xmlns:xsi="http://www.w3.org/2001/XMLSchema-instance"
    xsi:schemaLocation="http://www.loc.gov/MARC21/slim http://www.loc.gov/standards/marcxml/schema/MARC21slim.xsd"
    xmlns="http://www.loc.gov/MARC21/slim">

  <leader>00354nam a22001217a 4500</leader>
  <datafield tag="040" ind1=" " ind2=" ">
    <subfield code="c">SY</subfield>
  </datafield>
  <datafield tag="082" ind1=" " ind2=" ">
    <subfield code="a">688</subfield>
  </datafield>
  <datafield tag="100" ind1=" " ind2=" ">
    <subfield code="a">&#x17AF;&#x1780; &#x179F;&#x17BB;&#x1797;&#x17B6;&#x1796;</subfield>
  </datafield>
  <datafield tag="245" ind1=" " ind2=" ">
    <subfield code="a">&#x1794;&#x1785;&#x17D2;&#x1785;&#x17C1;&#x1780;&#x179C;&#x17B7;&#x1791;&#x17D2;&#x1799;&#x17B6;&#x1780;&#x17D2;&#x179A;&#x17C4;&#x1799;&#x1796;&#x17C1;&#x179B;&#x1794;&#x17D2;&#x179A;&#x1798;&#x17BC;&#x179B;&#x1795;&#x179B;&#x200B; &#x1795;&#x17D2;&#x179B;&#x17C2;&#x1788;&#x17BE; &#x1793;&#x17B7;&#x1784;&#x1794;&#x1793;&#x17D2;&#x179B;&#x17C2;</subfield>
  </datafield>
  <datafield tag="260" ind1=" " ind2=" ">
    <subfield code="a">RUA</subfield>
    <subfield code="b">&#x17AF;&#x1780;</subfield>
    <subfield code="c">2011</subfield>
  </datafield>
  <datafield tag="300" ind1=" " ind2=" ">
    <subfield code="a">138p.</subfield>
  </datafield>
  <datafield tag="942" ind1=" " ind2=" ">
    <subfield code="c">EK</subfield>
  </datafield>
  <datafield tag="999" ind1=" " ind2=" ">
    <subfield code="c">9022</subfield>
    <subfield code="d">9022</subfield>
  </datafield>
  <datafield tag="952" ind1=" " ind2=" ">
    <subfield code="0">0</subfield>
    <subfield code="1">0</subfield>
    <subfield code="4">0</subfield>
    <subfield code="6">688_000000000000000_&#x17AF;&#x1780;_2011_C243</subfield>
    <subfield code="7">0</subfield>
    <subfield code="9">50507</subfield>
    <subfield code="a">LBC</subfield>
    <subfield code="b">LBC</subfield>
    <subfield code="c">C243</subfield>
    <subfield code="d">2016-08-23</subfield>
    <subfield code="o">688 &#x17AF;&#x1780; 2011 C243</subfield>
    <subfield code="p">RUA042276</subfield>
    <subfield code="r">2016-08-23</subfield>
    <subfield code="y">EK</subfield>
  </datafield>
  <datafield tag="952" ind1=" " ind2=" ">
    <subfield code="0">0</subfield>
    <subfield code="1">0</subfield>
    <subfield code="4">0</subfield>
    <subfield code="6">688_000000000000000_&#x17AF;&#x1780;_2011_C243</subfield>
    <subfield code="7">0</subfield>
    <subfield code="9">50510</subfield>
    <subfield code="a">LBC</subfield>
    <subfield code="b">LBC</subfield>
    <subfield code="c">C243</subfield>
    <subfield code="d">2016-08-23</subfield>
    <subfield code="o">688 &#x17AF;&#x1780; 2011 C243</subfield>
    <subfield code="p">RUA42014</subfield>
    <subfield code="r">2016-08-23</subfield>
    <subfield code="y">EK</subfield>
  </datafield>
  <datafield tag="952" ind1=" " ind2=" ">
    <subfield code="0">0</subfield>
    <subfield code="1">0</subfield>
    <subfield code="4">0</subfield>
    <subfield code="6">688_&#x17AF;&#x1780;_2011_000000000000000_C241</subfield>
    <subfield code="7">0</subfield>
    <subfield code="9">51967</subfield>
    <subfield code="a">LBC</subfield>
    <subfield code="b">LBC</subfield>
    <subfield code="c">C241</subfield>
    <subfield code="d">2016-09-12</subfield>
    <subfield code="o">688&#x200B; &#x17AF;&#x1780; 2011 C241</subfield>
    <subfield code="p">A02749</subfield>
    <subfield code="r">2016-09-12</subfield>
    <subfield code="y">EK</subfield>
  </datafield>
</record>
